[Event "103rd Marshall Chess Club-ch 2019"]
[Site "New York"]
[Date "2019.11.17"]
[Round "8"]
[White "Niemann, Hans Moke"]
[Black "Sturt, Raven"]
[Result "0-1"]
[WhiteElo "2436"]
[BlackElo "2466"]
[Annotator "TA"]
[PlyCount "102"]
[EventDate "2019.11.14"]
[EventType "tourn"]
[EventCountry "USA"]
[SourceTitle "playchess.com"]
[Source "ChessBase"]
[SourceQuality "1"]

{[%evp 21,102,16,32,9,35,44,52,25,29,22,19,0,0,-105,-83,-87,-86,-93,-95,-104,-92,-89,-104,-118,-104,-112,-104,-104,-99,-112,-104,-124,-115,-120,-84,-122,-122,-108,-110,-100,-132,-136,0,-77,0,-121,-125,-291,-291,-412,-422,-429,-428,-412,-421,-421,-414,-421,-421,-386,-395,-542,-509,-454,-337,-12838,-12839,-12841,-12841,-12841,-12841,-12842,-12843,-12843,-12843,-12844,-12844,-12845,-12845,-12845,-12846,-12846,-12845]} 1. d4 d5 2. c4 c6 3. Nf3 Nf6 4. Nc3 dxc4 5. a4 Bf5 6. e3 e6 7. Bxc4 Bb4 8. O-O Nbd7 9. Qe2 Bg6 10. e4 O-O 11. Bd3 h6 12. e5 {And now Bxg6 would win. D19: Slav Defence: 5 a4 Bf5 6 e3: Main line with 9 Qe2} (12. Rd1 a6 13. Bf4 Qe7 14. h3 Rac8 15. Rac1 c5 16. e5 Bxd3 17. Qxd3 Bxc3 18. exf6 Qxf6 19. Bd6 Bxb2 20. Rc2 Bxd4 21. Bxf8 Rxf8 22. Nxd4 cxd4 23. Qxd4 Qxd4 24. Rxd4 {½-½ (37) Korobov,A (2699)-Bareev,E (2650) Wijk aan Zee 2019}) 12... Nd5 13. Bxg6 fxg6 14. Nxd5 {White is slightly better.} cxd5 15. Qb5 Qe7 16. a5 {Hoping for Ra4.} (16. Ne1 {is interesting.} Bxe1 17. Rxe1 Qf7 18. Rf1 Rfc8 19. Be3) 16... a6 17. Qxb7 $146 {[#]} (17. Qd3 $11 {keeps the balance.}) ({Predecessor:} 17. Qd3 g5 18. Ra4 Rac8 19. h4 gxh4 {0-1 (42) Bezemer,A (2332)-Giri,A (2518) Dieren 2009}) 17... Nxe5 $1 $17 {[%mdl 576] Discovered Attack} 18. Qxe7 (18. dxe5 Qxb7) 18... Nxf3+ 19. gxf3 Bxe7 20. Re1 Kf7 $1 ({Reject} 20... Rxf3 $6 21. Rxe6 Kf7 22. Rb6 $11) 21. Bf4 Rfc8 22. Rec1 Bf6 23. Be3 Ke7 24. Kf1 Kd7 25. b4 Rxc1+ 26. Rxc1 {[%mdl 4096] Endgame KRB-KRB} Rb8 27. Rb1 g5 28. Ke2 Be7 29. Bd2 Bd6 30. h3 Kc6 31. Rc1+ Kd7 ({Black should try} 31... Kb5 $1 32. Re1 Re8) 32. Rb1 Kc6 33. Rc1+ $1 {[#]} Kb5 $1 34. Be1 $2 {[#]} (34. Kd3 $17 {might work better.}) 34... Rb7 $1 $19 35. Rc8 (35. f4 $142 gxf4 36. Bd2) 35... Bxb4 36. Bxb4 Kxb4 {KR-KR} 37. Rc6 {Black must now prevent Rb6+.} Kxa5 38. Rxe6 Kb5 39. Rd6 a5 40. Rxd5+ Kb4 41. Rc5 a4 42. Rc1 {Threatens to win with Rb1+.} Ra7 {...a3 is the strong threat.} 43. d5 $2 (43. Kd3 a3 44. Rb1+ Ka4 45. Ra1) 43... a3 {Black is clearly winning.} 44. Ke3 a2 45. Ra1 Kb3 46. Ke4 Kb2 47. Rh1 a1=Q 48. Rxa1 Rxa1 49. d6 Rd1 50. Ke5 Kc3 51. Ke6 Kd3 {Accuracy: White = 50%, Black = 85%.} 0-1

[Event "103rd Marshall Chess Club-ch 2019"]
[Site "New York"]
[Date "2019.11.18"]
[Round "9"]
[White "Steingrimsson, Hedinn"]
[Black "Barbosa, Oliver"]
[Result "1/2-1/2"]
[WhiteElo "2549"]
[BlackElo "2532"]
[Annotator "TA"]
[PlyCount "60"]
[EventDate "2019.11.14"]
[EventType "tourn"]
[EventCountry "USA"]
[SourceTitle "playchess.com"]
[Source "ChessBase"]
[SourceQuality "1"]

{[%evp 16,60,18,35,20,0,7,0,11,0,0,0,0,0,3,0,0,0,0,0,0,0,0,0,0,0,0,0,0,0,0,0,0,0,0,0,0,0,0,0,0,0,0,0,0,0,0]} 1. d4 d5 2. c4 c6 3. Nf3 Nf6 4. e3 Bg4 5. h3 Bxf3 6. Qxf3 e6 7. Bd3 Nbd7 8. Nc3 Bd6 9. O-O O-O {D11: Slav Defence: 3 Nf3 sidelines and 3...Nf6 4 e3 Bg4} 10. Rd1 {The position is equal.} Re8 11. Qe2 Qe7 12. e4 dxe4 13. Nxe4 Nxe4 14. Qxe4 Nf6 15. Qh4 h6 {[#]} 16. Re1 $146 {Threatening Bxh6!} ({Predecessor:} 16. Bd2 Rad8 17. Bxh6 gxh6 18. Qxh6 e5 19. Qg5+ {½-½ (19) Vorobiov,E (2563)-Movsesian,S (2637) Moscow 2007}) 16... Rad8 17. Bxh6 gxh6 18. Qxh6 Bc7 19. Qg5+ Kf8 20. Qh6+ Kg8 21. Re3 {Hoping for f4.} Rxd4 22. Qg5+ Kf8 {White must now prevent ...Bf4.} 23. Qh6+ $40 {[%mdl 128] White is up to no good.} Kg8 {[#] And now ...Red8 would win.} 24. Rg3+ $1 {[%mdl 576] Decoy} Bxg3 25. Qg5+ {[%mdl 64] Double Attack} Kf8 26. Qh6+ Kg8 27. Qg5+ {[%mdl 64] Double Attack} Kf8 28. Qh6+ Kg8 29. Qg5+ {[%mdl 64] [#] Double Attack} Kf8 30. Qh6+ Kg8 {Accuracy: White = 68%, Black = 87%.} 1/2-1/2

[Event "103rd Marshall Chess Club-ch 2019"]
[Site "New York"]
[Date "2019.11.18"]
[Round "9"]
[White "Paragua, Mark"]
[Black "Niemann, Hans Moke"]
[Result "1/2-1/2"]
[WhiteElo "2496"]
[BlackElo "2436"]
[Annotator "TA"]
[PlyCount "27"]
[EventDate "2019.11.14"]
[EventType "tourn"]
[EventCountry "USA"]
[SourceTitle "playchess.com"]
[Source "ChessBase"]
[SourceQuality "1"]

{[%evp 15,27,12,25,14,42,0,0,0,0,0,0,0,0,0]} 1. d4 Nf6 2. c4 g6 3. Nc3 d5 4. Nf3 ({Predecessor:} 4. cxd5 Nxd5 5. e4 Nxc3 6. bxc3 Bg7 {½-½ (14) Shimanov,A (2610)-Durarbayli,V (2628) Ledyard 2019}) 4... Bg7 5. cxd5 Nxd5 6. e4 Nxc3 7. bxc3 c5 8. Be3 Qa5 9. Nd2 $146 {D85: Exchange Grünfeld: Unusual White 7th moves and lines with 7 Nf3} (9. Qd2 Nc6 10. Rb1 cxd4 11. cxd4 O-O 12. Qxa5 Nxa5 13. Bd3 Bg4 14. O-O Bxf3 15. gxf3 e6 16. Rfd1 Rfd8 17. Bf1 b6 18. Ba6 {1-0 (37) Carlsen,M (2875)-Vachier Lagrave,M (2779) Zagreb 2019}) 9... O-O 10. Nb3 Qxc3+ {The position is equal.} 11. Bd2 Qb2 12. Bc1 Qc3+ 13. Bd2 Qb2 14. Bc1 1/2-1/2

[Event "103rd Marshall Chess Club-ch 2019"]
[Site "New York"]
[Date "2019.11.18"]
[Round "9"]
[White "Sturt, Raven"]
[Black "Yudasin, Leonid"]
[Result "1-0"]
[WhiteElo "2466"]
[BlackElo "2507"]
[Annotator "TA"]
[PlyCount "60"]
[EventDate "2019.11.14"]
[EventType "tourn"]
[EventCountry "USA"]
[SourceTitle "playchess.com"]
[Source "ChessBase"]
[SourceQuality "1"]

{[%evp 13,60,14,22,-10,17,-18,7,-21,0,0,2,0,6,0,0,6,9,8,26,18,76,57,68,26,30,30,30,32,145,108,119,95,171,162,153,159,177,137,202,189,180,130,365,273,344,120,834,795,730]} 1. e4 c6 2. Nf3 d5 3. Nc3 Bg4 4. h3 Bxf3 5. Qxf3 e6 6. d3 Nf6 7. Be2 Bd6 8. g3 {B11: Caro-Kann: Two Knights Variation} (8. O-O Nbd7 9. d4 dxe4 10. Nxe4 Nxe4 11. Qxe4 Nf6 12. Qf3 Bc7 13. Rd1 h5 14. h4 Ng4 15. Bg5 Bh2+ {½-½ (62) Liang,A (2589)-Andreikin,D (2719) Sitges 2018}) 8... Nbd7 9. O-O (9. d4 $5 {[%cal Re4e5]}) 9... Qc7 $146 ({Predecessor:} 9... O-O 10. Qg2 d4 11. Nb1 e5 12. f4 Qc7 13. f5 b5 14. a4 a6 15. g4 c5 {1-0 (34) Liang,A (2589)-Smith,D (2047) chess.com INT 2019}) 10. Qg2 {The position is equal.} O-O-O 11. f4 dxe4 12. dxe4 e5 13. f5 Kb8 14. Rb1 Bc5+ 15. Kh1 Bd4 16. Nd1 Ka8 (16... Ne8 $11 {keeps the balance.}) 17. c3 Bb6 18. b4 c5 19. a3 cxb4 20. axb4 Nb8 (20... Qc6 $14) 21. c4 {Strongly threatening c5.} Bd4 22. Ne3 Bxe3 (22... Nc6 $16 {is a better defense.}) 23. Bxe3 $18 Nc6 24. Ra1 Nd4 25. Bd3 a6 (25... Rd7 $16) 26. Ra3 Kb8 27. Rfa1 h6 $2 {[#]} (27... Rd6 $16 {was worth a try.} 28. c5 Rc6) 28. b5 {[%cal Bb4b5,Bb5a6][%mdl 32]} Rd6 29. Qb2 $2 ({Not} 29. bxa6 b6 $16) (29. c5 $18 Qxc5 30. bxa6) 29... Rc8 $2 {[%mdl 8192]} (29... Nd7 $16) 30. bxa6 b6 {Accuracy: White = 51%, Black = 26%.} 1-0

[Event "103rd Marshall Chess Club-ch 2019"]
[Site "New York"]
[Date "2019.11.18"]
[Round "9"]
[White "Korley, Kassa"]
[Black "Khamrakulov, Djurabek"]
[Result "1/2-1/2"]
[WhiteElo "2447"]
[BlackElo "2517"]
[Annotator "TA"]
[PlyCount "77"]
[EventDate "2019.11.14"]
[EventType "tourn"]
[EventCountry "USA"]
[SourceTitle "playchess.com"]
[Source "ChessBase"]
[SourceQuality "1"]

{[%evp 14,77,57,41,44,-10,51,0,42,42,49,25,33,33,45,21,10,10,13,0,7,13,63,28,56,25,32,22,29,32,27,25,56,52,79,36,32,39,50,55,62,52,116,112,125,124,121,110,97,79,86,77,66,64,125,37,40,40,38,22,22,5,8,0,0,0]} 1. d4 Nf6 2. c4 e6 3. Nc3 Bb4 4. Qc2 c5 5. dxc5 O-O 6. a3 Bxc5 7. Nf3 Qb6 8. e3 Be7 {E39: Nimzo-Indian: Classical: 4...c5 5 dxc5 0-0} 9. b4 (9. Bd3 $14) (9. Be2 a6 10. O-O Qc7 11. e4 d6 12. Bf4 Nbd7 13. Rfd1 b6 14. Nd2 Bb7 15. Rac1 Rac8 16. Be3 Rfe8 17. f4 Bf8 18. Qb1 g6 19. Bf3 Bh6 20. Re1 Qb8 {0-1 (42) Lenderman,A (2611)-Iturrizaga Bonelli,E (2650) chess.com INT 2018}) 9... d6 (9... a5 $11) 10. Bd3 (10. Bb2 $14) 10... Nbd7 11. O-O a6 12. h3 Qc7 13. e4 b6 14. Bb2 Bb7 15. Rac1 Rac8 16. Qd2 $146 ({Predecessor:} 16. Qe2 Qb8 17. Qe3 Rfe8 18. Ne2 {1-0 (36) Sirotkina,N (2260)-Rakitskaja,M (2201) St Petersburg 1999}) 16... Rfd8 17. Qe3 Bf8 18. Rfd1 Be7 19. Bf1 Qb8 20. Re1 Bf8 21. Nd2 Bc6 22. f4 Qa8 23. Nf3 g6 24. Nd4 Bb7 25. e5 dxe5 26. fxe5 Ne8 27. Ne4 Bg7 (27... Bxe4 $14 28. Qxe4 Qxe4 29. Rxe4 h5) 28. Ng5 $36 {[%mdl 2048] Hoping for Qf2. White is really pushing.} Nc7 29. Qf4 Rf8 30. Ndf3 h6 31. Ne4 Bxe4 32. Rxe4 b5 33. c5 Rcd8 (33... Nd5 $14 34. Qg4 Nb8) 34. Rd4 ({Better is} 34. Rce1 $16) 34... Nd5 $14 35. Qe4 Nb8 36. Rcd1 Nc6 {The position is equal.} 37. R4d2 Qb8 38. Qe2 Rd7 39. Re1 {Accuracy: White = 57%, Black = 52%.} 1/2-1/2

[Event "103rd Marshall Chess Club-ch 2019"]
[Site "New York"]
[Date "2019.11.18"]
[Round "9"]
[White "Krush, Irina"]
[Black "Panjwani, Raja"]
[Result "0-1"]
[WhiteElo "2424"]
[BlackElo "2450"]
[Annotator "TA"]
[PlyCount "50"]
[EventDate "2019.11.14"]
[EventType "tourn"]
[EventCountry "USA"]
[SourceTitle "playchess.com"]
[Source "ChessBase"]
[SourceQuality "1"]

{[%evp 12,50,48,26,39,41,28,42,34,31,27,22,0,-2,-15,-14,13,5,27,-30,0,-54,-25,-61,-51,-218,-216,-230,-226,-280,-92,-106,-116,-106,-94,-150,-150,-157,-182,-579,-556]} 1. d4 Nf6 2. c4 g6 3. Nc3 Bg7 4. e4 d6 5. Be2 O-O 6. Be3 Nc6 {[%cal Bb8c6,Bc6e5,Be5g4][%mdl 32]} 7. d5 Ne5 {E73: King's Indian: Averbakh Variation without 6...c5} 8. f4 Neg4 9. Bd2 Nh6 {White is slightly better.} 10. h3 e6 11. g4 $146 {Black must now prevent g5.} ({Predecessor:} 11. dxe6 fxe6 12. g4 b5 13. cxb5 Bb7 14. Qb3 Nd7 15. g5 {0-1 (28) Papadopoulos,G (2378)-Pavlidis,A (2549) Patras 2019}) 11... exd5 12. exd5 Re8 13. Kf1 Nd7 14. Qc2 Nc5 15. Re1 ({White should try} 15. Kg2) 15... Qh4 16. Bf3 (16. Kg2 $1 $11) 16... Bd7 {Strongly threatening ...Bd4.} (16... Bf5 $5 17. gxf5 Nxf5 18. Rxe8+ Rxe8 $15) 17. Rxe8+ Rxe8 18. Nge2 $2 {[#]} ({Only move:} 18. Nce2 $1 $15) 18... Nf5 $1 $19 {[%cal Rf5g3][%mdl 512]} 19. gxf5 Bxf5 $40 {[%mdl 192] Double Attack. Black is out for blood.} 20. Qd1 Nd3 $2 (20... Bxh3+ $19 21. Rxh3 {[%mdl 64] Remove Defender} Qxh3+ {[%mdl 64] Double Attack} 22. Bg2 Qd3) 21. Rh2 $17 Nxb2 22. Qe1 Qe7 23. Kg1 (23. Kg2 $142) 23... Nxc4 24. Bc1 a6 {[%mdl 1024] Black has strong compensation.} 25. Qd1 $2 (25. Kg2 {is a better chance.}) 25... Bxc3 {Accuracy: White = 31%, Black = 63%.} 0-1

[Event "103rd Marshall Chess Club-ch 2019"]
[Site "New York"]
[Date "2019.11.18"]
[Round "9.1"]
[White "Paragua, Mark"]
[Black "Khamrakulov, Djurabek"]
[Result "0-1"]
[WhiteElo "2496"]
[BlackElo "2517"]
[Annotator "TA"]
[PlyCount "48"]
[EventDate "2019.11.14"]
[EventType "tourn"]
[EventCountry "USA"]
[SourceTitle "playchess.com"]
[Source "ChessBase"]
[SourceQuality "1"]

{[%evp 9,82,12,27,19,16,15,27,14,14,14,21,14,21,17,9,20,10,0,0,0,0,0,0,0,0,0,0,0,0,0,0,-69,-64,-147,-148,-148,-139,-317,-317,-301,-300,-414,-409,-389,-272,-401,-388,-348,-383,-422,-422,-416,-416,-385,-294,-280,-280,-270,-269,-264,-260,-229,-161,-463,-456,-404,-306,-455,-467,-1167,-1039,-29982,-29983,-29981,-29975]} 1. d4 Nf6 2. Bg5 Ne4 3. Bf4 d5 4. e3 e6 5. Bd3 Nf6 (5... Bd6 6. Bxe4 Bxf4 7. exf4 dxe4 8. Nc3 Nc6 9. Nge2 f5 10. Qd2 O-O 11. O-O-O a5 12. h3 a4 13. a3 b5 {½-½ (58) Vitiugov,N (2726)-Grandelius,N (2643) Doha 2016}) 6. Nd2 {A45: Trompowsky Attack} Bd6 7. Bg3 c5 8. c3 {White has an edge.} Nc6 9. Ngf3 O-O 10. e4 $146 ({Predecessor:} 10. Ne5 Qc7 11. f4 b6 12. O-O Bb7 13. Bh4 {½-½ (38) Mchedlishvili,M (2608)-Koksal,E (2378) Ankara 2018}) 10... dxe4 11. Nxe4 Nxe4 12. Bxe4 cxd4 13. Bxc6 bxc6 14. Qxd4 Be7 15. O-O Qb6 16. Ne5 Qxd4 17. cxd4 Bb7 18. Rac1 Rac8 19. f3 Rfd8 20. Rfd1 (20. Bf2 $1 $11) 20... c5 $15 21. Bf2 {[#]} (21. dxc5 $15 Bxc5+ 22. Bf2 Rxd1+ 23. Rxd1 Bxf2+ 24. Kxf2) 21... cxd4 $1 $17 22. Rxc8 Rxc8 23. Kf1 $2 (23. h3 $17) 23... f6 $19 24. Nd3 e5 {Played: Bb7-a6} 0-1

[Event "103rd Marshall Chess Club-ch 2019"]
[Site "New York"]
[Date "2019.11.18"]
[Round "9.2"]
[White "Niemann, Hans Moke"]
[Black "Paragua, Mark"]
[Result "1-0"]
[WhiteElo "2436"]
[BlackElo "2496"]
[Annotator "TA"]
[PlyCount "104"]
[EventDate "2019.11.14"]
[EventType "tourn"]
[EventCountry "USA"]
[SourceTitle "playchess.com"]
[Source "ChessBase"]
[SourceQuality "1"]

{[%evp 17,104,76,95,64,129,34,52,14,18,31,57,65,70,59,60,21,22,23,16,-62,-44,-67,-35,-67,-74,-69,0,0,0,0,0,0,0,0,0,0,0,0,21,21,26,2,14,10,160,11,39,34,50,8,8,12,252,235,218,148,131,75,320,107,364,208,178,178,327,169,160,160,156,154,535,544,544,544,544,544,543,527,471,183,407,58,58,8,8,8,8,8,16]} 1. Nf3 Nf6 2. g3 g6 3. Bg2 Bg7 4. O-O O-O 5. c4 d6 6. d4 Nc6 7. Nc3 Bg4 8. d5 Bxf3 9. exf3 Na5 10. Qa4 {E62: King's Indian: Fianchetto: 6...c6 and Panno Variation (6...Nc6) without ...a6} (10. Qd3 c5 11. f4 a6 12. Bd2 Rb8 13. Rab1 b5 14. b3 bxc4 15. bxc4 Qd7 16. Rfe1 Rfc8 17. Bf1 Rb4 18. Ne4 Rxb1 19. Rxb1 {1-0 (34) Wojtaszek,R (2726)-Socko,B (2660) Warsaw 2010}) 10... c5 (10... c6 $14) 11. dxc6 (11. Rb1 $16) 11... Nxc6 $14 12. f4 $146 {White is slightly better.} ({Predecessor:} 12. Be3 Qa5 13. Qxa5 Nxa5 14. b3 a6 15. Rac1 Rac8 16. Rfd1 Nc6 17. Bh3 Rb8 {1-0 (68) Burcu,C (2193)-Rajkovic,M (2350) Belgrade 2015}) 12... Nd7 13. Be3 Nb6 14. Qb5 Nd4 15. Bxd4 $1 Bxd4 16. Ne2 Bg7 17. Rac1 ({Reject} 17. Bxb7 Rb8 $15) 17... Rc8 18. Bxb7 (18. b3 $11) 18... Rb8 19. Qa6 Qc7 20. Bf3 Bxb2 21. Rc2 Bg7 (21... Nd7 $1 $15 22. Qc6 Qxc6 23. Bxc6 Nc5) 22. Nc3 $11 Bxc3 23. Rxc3 Rfc8 24. Rfc1 Qd7 25. c5 dxc5 26. Rxc5 e6 27. Rxc8+ Nxc8 28. Qa5 Nb6 29. Rd1 Qc7 30. Kg2 Kg7 {[#]} ({Black should play} 30... Rc8 $11) 31. h4 (31. Rc1 $1 $16 {[%cal Rc1c7][%mdl 512]} Qd8 (31... Qxc1 32. Qe5+) 32. Qxa7) 31... Rc8 32. h5 Nd7 33. Qb4 (33. Qg5 $5 {[%cal Rg5e7]} h6 34. Qb5 $14) 33... Nf6 34. Qd4 $36 {[%mdl 2048] Hoping for h6+! White is pushing.} Qe7 $2 {[#]} (34... gxh5 $11 {and Black has nothing to worry.} 35. Bxh5 Qb6 36. Qxb6 axb6) 35. h6+ $1 $18 Kg8 36. g4 Ne8 37. g5 (37. Qe5 $142) 37... Rb8 $2 (37... Qc5 $16) 38. Qd7 $2 (38. Bc6 $18 {and the rest is easy.}) 38... Qb4 $2 {[%mdl 8192]} (38... Kf8 $16) 39. Rd4 (39. Qxa7 $142 Rc8 40. Qd7) 39... Qb6 40. Rc4 {And now Rc8 would win.} Qd6 (40... Kf8 $142) 41. Qxd6 (41. Qxa7 $142 e5 42. fxe5 Qxe5 43. Rc5) 41... Nxd6 {[%mdl 4096] Endgame KRB-KRN} 42. Rc7 Nb5 43. Rd7 Kf8 $2 (43... a5 $16 {is a better chance.}) 44. a4 Nc3 45. Rxa7 Rb4 46. a5 Rxf4 47. a6 Rf5 48. Ra8+ Ke7 49. a7 $2 ({Only move:} 49. Rh8 $18 Rxg5+ 50. Kh3) 49... Rxg5+ $14 50. Kf1 Ra5 {The position is equal.} 51. Rc8 Rxa7 {White must now prevent ...Ra1+.} 52. Rxc3 Kf6 {[%mdl 32768] Accuracy: White = 39%, Black = 48%. . Sensor Board Error (Ke4/e5)?} 1-0

[Event "103rd Marshall Chess Club-ch 2019"]
[Site "New York"]
[Date "2019.11.18"]
[Round "9.2"]
[White "Niemann, Hans Moke"]
[Black "Khamrakulov, Djurabek"]
[Result "0-1"]
[WhiteElo "2436"]
[BlackElo "2517"]
[Annotator "TA"]
[PlyCount "60"]
[EventDate "2019.11.14"]
[EventType "tourn"]
[EventCountry "USA"]
[SourceTitle "playchess.com"]
[Source "ChessBase"]
[SourceQuality "1"]

{[%evp 19,78,8,8,0,14,-50,-51,-52,-48,-60,-62,-74,-77,-79,-45,-53,0,-105,-57,-89,-54,-76,-47,-52,-63,-102,23,0,7,0,80,-45,-57,-152,-156,-168,-146,-143,-146,-187,-91,-367,-351,-346,-320,-318,0,0,0,-604,-322,-343,-340,-873,-866,-837,-842,-837,-825,-754,-750]} 1. Nf3 Nf6 2. c4 e6 3. g3 d5 4. Bg2 Be7 5. O-O O-O 6. b3 b6 7. e3 Bb7 8. Bb2 c5 9. Qe2 Nc6 10. d3 Rc8 11. Nc3 {A14: English Opening: 1...e6 with b3 by White} (11. Rd1 Rc7 {½-½ (11) Movsziszian,K (2528)-Basso,P (2516) Oslo 2018}) 11... Qc7 12. e4 (12. Rac1 $11) 12... d4 $15 13. Nd1 $146 {Black is slightly better.} ({Predecessor:} 13. Nb5 Qb8 14. Ne1 a6 15. Na3 e5 16. f4 Bd6 17. Bc1 Rce8 18. f5 Nd7 {1-0 (40) Otero Acosta,D (2394)-Arribas Robaina,M (2265) Havana 2018}) 13... Nd7 14. Nd2 e5 15. Bh3 Rce8 16. Bc1 Bd6 17. Nf3 Be7 (17... Kh8 $15) 18. Kh1 (18. Nd2 $11) 18... Bc8 19. Ng1 Qd8 20. f4 exf4 21. gxf4 Bd6 22. Qg2 Kh8 (22... Bb7 $17 {...Nb4 is the strong threat.} 23. Nf3 g6) 23. e5 $11 {[%mdl 64] [#] Discovered Attack} Ncxe5 $1 24. fxe5 Bxe5 (24... Rxe5 $11 {remains equal.} 25. Bf4 f5) 25. Nf2 (25. Bf5 $16) 25... f5 $15 {[%mdl 1024] Black has compensation.} 26. Bg5 ({White should play} 26. Nd1 $15) 26... Qc7 $17 {Hoping for ...Bb7.} 27. Rae1 Bb7 28. Nf3 h6 29. Bc1 g5 (29... Qb8 $19 {has better winning chances.} 30. Nd1 Bd6 31. Rxe8 Qxe8) 30. Rg1 $2 {[%mdl 8192]} (30. Bxg5 $17 {was the only chance.} Qd6 31. Bxf5 {[%mdl 64] Remove Defender} Rxf5 {[%mdl 64] Double Attack} 32. Ne4) 30... Re7 {Played: g5-g4} 0-1